=LDR 00000nam 2200000 4500 =001 INLIS000000000025794 =005 20250428100600 =035 ##$$a 0010-061300000025794 =008 250428###########################0###### =041 ##$$a Ind =082 ##$$a 028.5 =090 ##$$a 028.5, Wah s =100 ##$$a Wahidin, Nur =245 1#$$a Riwayat nabi muhammad SAW 12, Wafatnya sang nabi, Nur Wahidin /$c Nur Wahidin =260 ##$$a Bandung :$b MIzan,$c 1999 =300 ##$$a 154 hlm : $b ilus ; $c 21 x 15 cm =650 #4$$a Seri komik islam =850 ##$$a NBPNMAT =084 ##$$a 028.5 WAH r =990 ##$$a 00052330